| 000 | 00768nam a22002177a 4500 | ||
|---|---|---|---|
| 005 | 20161110111819.0 | ||
| 010 | _aENG-116505 | ||
| 020 |
_a9789350980378 _c795.00 |
||
| 035 | _aEN-100037 | ||
| 037 | _bDBAD/PUB | ||
| 082 | _a327.54094 | ||
| 245 |
_aIndia-Australia relations in the Asian century : _cedited by Amitabh Mattoo [and] Mallika Joseph _bPerspectives from India and Australia / |
||
| 260 |
_aNew Delhi _bManohar Publisher & Distributors _c2013 |
||
| 270 |
_a4753/23 Ansari Road,Daryaganj _bNew Delhi _e110002 |
||
| 300 |
_a190p. _c22cm (Hb) |
||
| 490 | _aAustralia India Institue foreign policy serise-2 | ||
| 500 | _aIncludes index | ||
| 700 | _aMattoo, Amitabh | ||
| 700 | _a Joseph,Mallika | ||
| 942 |
_2ddc _cEN _h327.54094 _mRIS |
||
| 999 |
_c104564 _d104564 |
||